[Event "RUS-Cup2"]
[Site "Moscow"]
[Date "1996.??.??"]
[Round "3"]
[White "Vlassov, Nikolai"]
[Black "Kiriakov, Petr"]
[Result "1/2-1/2"]
[WhiteElo "2395"]
[BlackElo "2515"]
[Annotator "Kharitonov,A"]
[PlyCount "133"]
[EventDate "1996.11.28"]
[EventType "swiss"]
[EventRounds "9"]
[EventCountry "RUS"]
[SourceTitle "CBM 056 Extra"]
[Source "ChessBase"]
[SourceDate "1997.03.01"]
[SourceVersion "1"]
[SourceVersionDate "1997.03.01"]
[SourceQuality "1"]

1. e4 e6 2. d3 c5 3. Nf3 Nc6 4. g3 d5 5. Qe2 Nf6 6. Bg2 Be7 7. O-O O-O (7... b6
$5 8. e5 Nd7 9. c4 d4 10. Ne1 Bb7 11. f4 Qc7 12. Nf3 O-O-O 13. Nbd2 h6 14. Ne4
Rde8 15. a3 f5 16. exf6 gxf6 $13 {Psakhis,L-Hjartarson,J/ISR-ISL/1996/1|0/41/})
8. Nbd2 $6 (8. e5 $5 Nd7 9. c4 d4 (9... Nb6 10. Bf4 (10. h4 f5 $5 11. Bf4 $6 (
11. exf6 $5) 11... Bd7 12. Nc3 Be8 13. cxd5 Nxd5 14. Nxd5 Qxd5 15. Ne1 Qd8 16.
Nc2 Qb6 $17 {Shchekachev,A-Semeniuk,A/Orel/1992/0|1/34/}) 10... Bd7 (10... f5
$5) 11. h4 Nd4 $6 (11... f5 $5) 12. Nxd4 cxd4 13. Nd2 Bc6 14. Rad1 $16 {
Bronstein,D-Dzindzichashvili,R/URS/1972/1|0/21/}) 10. h4 Kh8 11. Bf4 f6 12.
Nbd2 Qe8 13. Bh3 f5 14. Ng5 $14 {Psakhis,L-Smirin,I/Haifa/1995/1|0/43/}) 8...
b5 9. Re1 a5 (9... b4 10. e5 Ne8 $5 11. Nf1 Nc7 12. Bf4 Nb5 13. h4 Bd7 14. N1h2
a5 15. h5 a4 16. h6 g6 17. Qd2 f5 $22 18. exf6 Bxf6 19. Ne5 Nxe5 20. Bxe5 Bg5
$17 {Kuzmin,A-Kremenietsky,A/Moscow/1982/0|1/39/}) 10. Nf1 b4 11. e5 Nd7 12. h4
Ba6 13. h5 a4 14. a3 $2 (14. Bf4 $5 a3 15. b3 Na7 16. N1h2 Nb5 17. Bd2 $22 Qc7
18. Ng4 $13) 14... c4 $1 15. d4 $2 (15. axb4 $2 cxd3 16. cxd3 Nxb4 $17) (15.
dxc4 $5 Bxc4 16. Qd1 bxa3 17. bxa3) 15... c3 16. Qe3 Nb6 $5 (16... cxb2 $5 17.
Bxb2 Nb6 18. N1d2 Na5 $17) 17. bxc3 Nc4 18. Qf4 b3 $1 19. cxb3 axb3 $17 20. Rb1
Rb8 21. Qg4 Kh8 (21... Re8 $6 22. Bh6 g6 (22... Bf8 $2 23. Bxg7 Bxg7 24. h6 $18
) 23. hxg6 hxg6 24. Bg5 $132) 22. h6 g6 23. Bg5 b2 (23... Nxa3 24. Ra1 Nc2 25.
Bxe7 (25. Rxa6 Nxe1 26. Nxe1 Bxg5 27. Rxc6 b2 $19) 25... Nxe7 26. Rxa6 Nxe1 27.
Nxe1 b2 28. Qf4 Nf5 29. Nd2 b1=Q 30. Nxb1 Rxb1 31. Qd2 $17) 24. Re2 Nxa3 25.
Rbxb2 Bxe2 26. Rxe2 Rb3 27. Bd2 Nc4 (27... Nb1 28. Re3) 28. Be1 Kg8 $19 29. Qf4
Rb1 (29... Na7 $5) 30. N1h2 Ra1 31. Bf1 Nb8 32. Rc2 Qc7 33. Qg4 Nd7 34. Kg2 Rb8
35. Bd3 Rb2 $6 (35... Rbb1 $5 36. Re2 Rc1 $19) (35... Qc6 $5 36. Qf4 Qa4 $19)
36. Rxb2 Nxb2 37. Bb5 Nc4 38. Bxd7 Qxd7 39. Qf4 Qd8 40. Bd2 (40. Ng4 $5) 40...
Ra2 $2 (40... Nxd2 $5 41. Qxd2 (41. Nxd2 $2 Bg5 $19) 41... Qc7 $22 42. Ng4 Ra3
$19) 41. Be1 Rc2 42. Kh3 Kf8 $17 (42... Re2 43. Ng4 Re4 44. Qc1 $17) 43. Nf1 (
43. Ng4 $2 g5 $1 $19) 43... Ke8 44. Ne3 Nxe3 45. Qxe3 Ra2 46. Bd2 Qb8 47. Qd3
Qb3 48. Kg2 Ra1 49. Ng5 $2 (49. Bg5 Bf8 $17) 49... Bxg5 $1 (49... Rd1 $2 50.
Nxh7 Qb2 51. Qa6 $1 Rxd2 52. Qc8+ Bd8 53. Nf6+ $18) 50. Bxg5 Qc4 $1 $19 51. Qf3
(51. Qxc4 dxc4 52. Kf3 Rd1 53. Ke2 Rd3 54. Bd2 Kd7 55. Be1 Kc6 56. Bd2 Kd5 57.
f3 Kc6 $22 58. Be1 Kb5 59. Bd2 Ka4 60. Be1 Kb3 61. Bd2 Kc2 $19) 51... Qf1+ 52.
Kh2 Qd1 $1 (52... Ra2 53. Be3) 53. Qxd1 (53. Qg2 Qh5+ $19) 53... Rxd1 54. Kh3
Rd3 55. Kg4 f5+ $6 (55... Rxc3 $1 56. Be3 Rd3 57. Kg5 Ke7 58. g4 f6+ 59. exf6+
Kf7 60. Kf4 Kxf6 61. g5+ Ke7 62. Ke5 Rd1 63. Bf4 Re1+ 64. Be3 Rf1 65. Kf4 Kd6
$19) 56. exf6 Kf7 57. Bf4 Kxf6 $6 (57... Rxc3 $5 58. Be5 Rc2 59. f3 (59. Kf3 g5
$19) 59... Rh2 60. Bf4 Kxf6 61. Be5+ Kf7 62. Bf4 (62. Bg7 Rh5 63. Kf4 g5+ $19)
62... Rh1 63. Bg5 Rd1 64. Be3 Rd3 $19) 58. Be5+ Ke7 $2 (58... Kf7 $1 $8 59. f4
Rxc3 60. Kh4 g5+ $1 61. fxg5 Kg6 62. Bf6 Re3 63. g4 Re1 64. Kg3 e5 65. Kf2 (65.
Bxe5 Kxg5 66. Bf4+ Kg6 67. Kf3 Re4 68. Be3 Kf6 69. Bd2 Kf7 70. Be3 Kg6 71. g5
Kf5 $19) 65... Re4 66. dxe5 d4 67. Kf3 d3 68. Kxe4 d2 $19) 59. f4 Rxc3 60. Kh4
Ra3 (60... g5+ 61. fxg5 Kf7 62. Kh5 Rc1 63. g6+ $1 hxg6+ 64. Kg5 Rh1 65. g4 $10
) 61. g4 Ra8 62. Kg5 Rf8 63. Bg7 Rf7 64. Be5 Kd7 (64... Rf8 65. Bg7 Ra8 66. Be5
Ra1 67. Bg7 $10) 65. Bg7 Kc6 66. Bf6 Kb5 67. f5 $1 (67. f5 exf5 68. gxf5 gxf5
69. Kxf5 Kc4 70. Ke6 Ra7 71. Be5 $10) 1/2-1/2

[Event "Balatonbereny GM"]
[Site "Balatonbereny"]
[Date "1995.??.??"]
[Round "9"]
[White "Schlindwein, Rolf"]
[Black "Bezold, Michael"]
[Result "1/2-1/2"]
[WhiteElo "2440"]
[BlackElo "2490"]
[Annotator "King,D"]
[PlyCount "26"]
[EventDate "1995.08.??"]
[EventType "tourn"]
[EventRounds "11"]
[EventCountry "HUN"]
[EventCategory "11"]
[SourceTitle "CBM 050"]
[Source "ChessBase"]
[SourceDate "1996.02.01"]
[SourceVersion "1"]
[SourceVersionDate "1996.02.01"]
[SourceQuality "1"]

1. e4 b6 2. Nc3 e6 3. Bc4 Bb7 4. Qe2 c5 5. Nf3 a6 6. a4 d6 7. d4 cxd4 8. Nxd4
Nf6 9. O-O Qc8 10. Bg5 Nbd7 11. Rfe1 Be7 12. Rad1 h6 13. Bxf6 Nxf6 (13... Nxf6
14. f4 {Instead of agreeing a draw, White should have played 14 f4 with the
idea of f5 or e5, depending on Black's next move. Black has wasted too much
time in the opening, and now has to pay the price.}) 1/2-1/2

[Event "Dortmund op-A"]
[Site "Dortmund"]
[Date "1992.??.??"]
[Round "4"]
[White "Kersten, Uwe"]
[Black "Knaak, Rainer"]
[Result "0-1"]
[WhiteElo "2325"]
[BlackElo "2505"]
[Annotator "Knaak,R"]
[PlyCount "86"]
[EventDate "1992.04.??"]
[EventType "swiss"]
[EventRounds "11"]
[EventCountry "GER"]
[SourceTitle "CBM 029"]
[Source "ChessBase"]
[SourceDate "1992.08.01"]
[SourceVersion "1"]
[SourceVersionDate "1992.08.01"]
[SourceQuality "1"]

1. e4 e6 2. d3 d5 3. Nd2 Nf6 4. Ngf3 b6 5. c3 Bb7 6. e5 (6. Qa4+ $5) 6... Nfd7
7. d4 c5 8. Bd3 cxd4 9. cxd4 Ba6 10. Bxa6 Nxa6 11. Nb3 Be7 12. Qe2 Nc7 13. h4
h6 14. Bf4 a5 $15 15. h5 (15. a4 Nb8 $1 {/\ Qd7}) 15... a4 16. Nc1 Nb8 17. Rh3
Kd7 $5 18. Rg3 Rg8 19. Qc2 $1 Nc6 20. Ne2 Nb4 21. Qh7 a3 22. b3 Rh8 23. Qb1 Qg8
24. Nc3 $6 (24. Kf1 Rc8 $15) 24... Qc8 $1 25. Kd2 {>< Kd2} Rg8 26. Qh7 $6 (26.
Qf1) 26... Qa6 27. Rc1 Rac8 $6 (27... g5 $1 28. Be3 $8 Rh8 29. Qb1 Rac8 $17)
28. Ng1 $1 g5 29. hxg6 Rxg6 30. Nge2 Rcg8 $6 (30... Nb5 $13) 31. Bxh6 $1 Rxg3 (
31... Ke8 $5) 32. fxg3 Rg6 $2 (32... Rg4 33. Nf4 Nb5 $13) 33. Nf4 $18 Rxg3 (
33... Nb5 $5 34. Bf8 $3 $18 {Vorschlag eines Kiebitzes nach der Partie.}) 34.
Qxf7 Kd8 $5 {Entfesselt den B.} (34... Qa8 35. Nce2 $18) 35. Bf8 $4 (35. Nce2
$18) 35... Rd3+ $19 36. Ke1 Bh4+ 37. g3 Bxg3+ 38. Kf1 Rxc3+ 39. Kg2 Rxc1 40.
Kxg3 Kc8 41. Bxb4 Rg1+ 42. Kh4 Qf1 43. Be7 Qf3 0-1

[Event "Novosibirsk"]
[Site "Novosibirsk"]
[Date "1995.??.??"]
[Round "2"]
[White "Makarov, Marat"]
[Black "Dreev, Alexey"]
[Result "0-1"]
[WhiteElo "2520"]
[BlackElo "2670"]
[Annotator "Knaak,R"]
[PlyCount "54"]
[EventDate "1995.10.??"]
[EventType "tourn"]
[EventRounds "11"]
[EventCountry "RUS"]
[EventCategory "15"]
[SourceTitle "CBM 050"]
[Source "ChessBase"]
[SourceDate "1996.02.01"]
[SourceVersion "1"]
[SourceVersionDate "1996.02.01"]
[SourceQuality "1"]

1. e4 {King Chekhov} e6 2. d3 d5 3. Nd2 Nf6 4. Ngf3 b6 5. g3 dxe4 6. dxe4 Bb7
7. Bb5+ $6 (7. Bg2 $5) (7. Qe2 $5 {Chekhov} Ba6 8. c4 Nc6 9. e5 (9. Bg2 e5 10.
Nb3 Bb4+ 11. Bd2 Qe7 12. a3 Bxd2+ 13. Nbxd2 Rd8 14. O-O O-O 15. b4 Bb7 16. Nb3
a5 17. b5 Nb8 $15 {Gayson,P-Lalic,S/Isle of Man/1994/0|1/36/}) 9... Nd7 10. Bg2
Nc5 11. O-O Bb7 12. Ne1 Qd7 13. f4 O-O-O 14. Ndf3 Nd4 15. Nxd4 Bxg2 16. Kxg2
Qxd4 $10 {Morozevich,A-Rozentalis,E/Moscow(olm)/1994/0,5/65/}) (7. Bg2 $6 {
Chekhov} Nxe4 8. Ne5 Nc3 9. Qh5 g6 10. Bxb7 gxh5 11. bxc3 Bg7 12. Ndf3 O-O 13.
O-O Nd7 14. Nc6 Qf6 15. Bg5 Qxc3 $19 {Kovas,A-Dizdar,G/Zenica/1985/0|1/19/})
7... Nbd7 (7... c6 {Chekhov} 8. Bc4 Nbd7 9. O-O Qc7 10. Re1 Rd8 11. c3 b5 12.
Bf1 Bc5 13. Qe2 e5 14. Nh4 g6 $132 {Berg,K-Haagen,H/Copenhagen/1989/0,5/41/})
8. Ne5 (8. O-O $6 {Chekhov} a6 9. Bd3 Nc5 10. Qe2 Nxd3 11. cxd3 c5 12. b3 Be7
13. Bb2 O-O 14. Rfd1 b5 $15 {Whitehead,P-Bustamante,R/USA/1977/0,5/36/}) 8...
a6 9. Nxd7 Nxd7 10. Be2 Bc5 11. Bf3 (11. O-O {Chekhov} Ne5 $15) 11... Ne5 12.
Bg2 h5 {White's opening has not been a raging success, and it is about to get
worse. It shows that an exchange of queens does not guarantee an easy life.}
13. Nb3 $6 (13. h3 $6 {Chekhov} Qf6 14. f4 Qg6 $1 $40) 13... Qxd1+ 14. Kxd1 {
White has permanent problems due to his king being stuck in th middle of the
board.} Be7 (14... Bxf2 {Chekhov} 15. Ke2 Bc5 16. Nxc5 bxc5 17. Bf4 f6 18. Bxe5
fxe5 19. Rad1 $44) 15. f4 $6 (15. Ke2 a5 $1 $17) 15... Ng4 16. Ke2 O-O-O 17. h3
(17. Bf3) 17... Nf6 18. Ke3 a5 19. a4 Nd7 $1 {[%csl Gb3,Gc5,Gd7][%cal Ge7c5,
Gc5e3] Die Position des weitgereisten N wird noch einmal verbessert.} 20. Bd2 (
20. Rd1 Nc5 21. Rxd8+ Rxd8 22. Nxc5 Bxc5+ 23. Ke2 f5 $19) 20... Nc5 21. Nd4 $6
(21. Rhd1 f5 (21... Nxb3 22. cxb3 Bc5+ 23. Ke2 f5 (23... Ba6+ {Chekhov} 24. Ke1
$22 Rd3 25. Bf1) 24. Be3 $15) 22. Bc3 Bxe4 23. Bxe4 Nxe4 $17) (21. Bc3 {Chekhov
} Nxb3 22. cxb3 Bc5+ 23. Ke2 Ba6+ 24. Ke1 Rd3 $19) 21... e5 $1 $19 22. Nf5 (22.
fxe5 $4 {Chekhov} Bg5+ 23. Ke2 Bxd2 24. Kxd2 Ne6 25. c3 c5 $19) 22... exf4+ 23.
gxf4 Bf6 24. e5 (24. c3 Bxe4 $1 $19) (24. Bc3 {Chekhov} Bxc3 25. bxc3 g6 26.
Nd4 Bxe4 $1 27. Bxe4 Rhe8 $19) 24... Bxg2 25. exf6 gxf6 26. Bc3 (26. Rh2 Rhe8+
$19) 26... Rhe8+ 27. Kf2 Bxh1 0-1

[Event "Bundesliga 9697"]
[Site "Germany"]
[Date "1996.??.??"]
[Round "?.4"]
[White "Bischoff, Klaus"]
[Black "Blatny, Pavel"]
[Result "1-0"]
[WhiteElo "2530"]
[BlackElo "2490"]
[Annotator "Knaak,R"]
[PlyCount "103"]
[EventDate "1996.10.12"]
[EventType "team-tourn"]
[EventRounds "15"]
[EventCountry "GER"]
[SourceTitle "GER-chT"]
[Source "ChessBase"]
[SourceDate "1999.07.01"]
[SourceVersion "1"]
[SourceVersionDate "1999.07.01"]
[SourceQuality "1"]
[WhiteTeam "Solingen"]
[BlackTeam "Werder Bremen"]
[WhiteTeamCountry "GER"]
[BlackTeamCountry "GER"]

1. e4 e6 2. d3 d5 3. Nd2 dxe4 4. dxe4 Nd7 5. Ngf3 g6 6. Be2 Bg7 7. O-O b6 8. c3
Bb7 9. Re1 Ne7 10. Qc2 h6 11. a4 a6 12. Bf1 g5 13. Nc4 Ng6 14. b3 g4 15. Nd4
Nde5 16. Nf5 exf5 17. exf5 O-O 18. fxg6 Nxg6 19. Ne3 Re8 20. Bb2 Be4 21. Qc1
Qg5 22. c4 Nf4 23. Bxg7 Qxg7 {[#]} 24. Nf5 Nh3+ $1 25. gxh3 Bxf5 26. h4 $15
Rxe1 27. Qxe1 Qf6 28. Rd1 Rd8 29. Rxd8+ Qxd8 30. a5 $11 Qd4 31. Qe7 Qc5 $6 (
31... Bd3 $11) 32. Qxc5 bxc5 $14 33. Kg2 Bc2 34. Kg3 h5 $2 (34... Kg7 35. Kxg4
Kf6 $14) 35. Kf4 $18 Kg7 36. Ke5 Bxb3 37. Bd3 Kf8 38. Kd5 Ke7 39. Bf5 Ba4 40.
Bc8 c6+ 41. Kxc5 Kd8 42. Bf5 Kc7 43. h3 gxh3 44. Bxh3 Bd1 45. Bg2 Be2 46. Bxc6
f6 47. Bd5 Bd3 48. Kd4 Bg6 49. c5 Be8 50. Bf3 Bg6 51. Be2 Kb7 52. Kd5 1-0

[Event "Odorheiu Secuiesc zt"]
[Site "Odorheiu Secuiesc"]
[Date "1995.??.??"]
[Round "7"]
[White "Mrva, Martin"]
[Black "Gdanski, Jacek"]
[Result "1-0"]
[WhiteElo "2400"]
[BlackElo "2490"]
[Annotator "Knaak,R"]
[PlyCount "83"]
[EventDate "1995.03.??"]
[EventType "swiss"]
[EventRounds "9"]
[EventCountry "ROU"]
[SourceTitle "CBM 047"]
[Source "ChessBase"]
[SourceDate "1995.08.01"]
[SourceVersion "1"]
[SourceVersionDate "1995.08.01"]
[SourceQuality "1"]

1. e4 e6 2. d3 d5 3. Nd2 Nf6 4. Ngf3 b6 5. c3 Be7 6. Be2 O-O 7. O-O c5 8. Re1
Nc6 9. e5 Nd7 10. d4 a5 {[%cal Yc8a6]} (10... cxd4 11. cxd4 a5 12. Nb1 (12. Bd3
$5) 12... Ba6 13. Bxa6 Rxa6 14. a4 Ra8 $15 {Lau,R-Hertneck/BL 8889/}) 11. Bd3
$5 Ba6 12. Bb1 {[%cal Rb1h7]} Qc7 13. Nf1 cxd4 14. cxd4 Rfc8 {[%cal Gd7f8]} 15.
Ng5 Nf8 16. Bf4 Bxf1 17. Kxf1 a4 18. a3 b5 (18... Na5 $6 19. Qxa4 Qc4+ (19...
Bxg5 20. Bxg5 Qc4+ 21. Qxc4 Rxc4 22. Rd1 $16) 20. Qxc4 Rxc4 21. Nf3 Nb3 22. Ba2
Nxa1 23. Bxc4 Nc2 24. Rc1 Nxa3 25. Bd3 Nc4 26. Bxc4 dxc4 27. Rxc4 $16) 19. Re3
Bxg5 $6 (19... Qa7 20. Rd3 (20. Nxh7 $2 Nxh7 21. Bxh7+ Kxh7 22. Rh3+ Kg8 23.
Qh5 f5 $17) 20... Na5 21. Rh3 g6 $13) 20. Bxg5 Qa7 21. Rd3 Na5 $6 (21... Rc7
22. Qg4) 22. Rh3 $1 g6 (22... Nb3 23. Bxh7+ Nxh7 24. Qh5 f5 25. Qxh7+ Kf7 26.
Qh5+ Kg8 27. Bf6 $18) (22... h6 $5 23. Bxh6 Nb3 24. Rxb3 axb3 25. Qg4 g6 26.
Bd3 $40 {/\ Bh6-g5-f6, h2-h4-h5}) (22... Ng6 23. Qh5 h6 24. Bxh6 Qxd4 25. Bg5
$18) 23. Ba2 $16 f5 $5 (23... Rc6 24. Bf6 Rac8 25. Qd2 {[%cal Ge3h6]} Qc7 26.
Re1 Rc1 27. Rc3 $18) (23... Nc4 24. Bf6 Nd7 25. Bxc4 Rxc4 26. Qd2 Nxf6 27. exf6
Qxd4 28. Qh6 Qxf6 29. Qxh7+ Kf8 30. Qh8+ $18) 24. exf6 Qf7 25. Rg3 $6 Nc4 26.
Qe2 Nd6 27. Bb1 Rc4 28. Qe5 $2 (28. Bd3 $1 Nf5 (28... Rxd4 29. Qe5 $18) 29.
Bxf5 exf5 30. Re3 $18) 28... Ra6 $13 29. Bd3 Nd7 30. Qe3 Nf5 31. Bxf5 exf5 32.
b3 Rc8 $2 (32... axb3 33. Qxb3 b4 $13) 33. Rc1 $16 Re8 34. Qd3 Nxf6 35. Qxb5
$18 Rae6 36. Bxf6 Rxf6 37. Qxa4 f4 38. Rgc3 Qe6 39. Qb5 f3 40. Re3 Rc8 41.
Rxc8+ Qxc8 42. Re8+ 1-0

[Event "Lvov zt"]
[Site "Lvov"]
[Date "1990.??.??"]
[Round "?"]
[White "Kharitonov, Andrei Y"]
[Black "Akopian, Vladimir Eduardovic"]
[Result "1/2-1/2"]
[WhiteElo "2500"]
[BlackElo "2550"]
[Annotator "Knaak,R"]
[PlyCount "89"]
[EventDate "1990.02.??"]
[EventType "swiss"]
[EventRounds "9"]
[EventCountry "URS"]
[SourceTitle "CBM 018"]
[Source "ChessBase"]
[SourceDate "1990.10.01"]
[SourceVersion "1"]
[SourceVersionDate "1990.10.01"]
[SourceQuality "1"]

1. e4 e6 2. d3 d5 3. Nd2 Nf6 4. Ngf3 Nc6 5. c3 b6 6. e5 Nd7 7. d4 Ncb8 {
Weiß verlor 1 Tempo, Schwarz aber 2.} 8. Be2 c5 9. O-O Ba6 10. Bxa6 Nxa6 11.
Re1 b5 12. Nf1 Qb6 13. Ng3 $16 Nc7 14. Nh5 a5 15. dxc5 Qxc5 16. Be3 Qc4 17. b3
Qg4 18. Nf4 h6 19. a4 Bc5 20. h3 Qf5 21. g4 Qh7 22. axb5 Nxb5 23. c4 Nc3 24.
Qc1 Ne4 25. cxd5 O-O 26. dxe6 fxe6 27. Qc4 Rxf4 28. Bxf4 Bxf2+ 29. Kg2 Bxe1 30.
Qxe6+ Kh8 31. Rxe1 Ndc5 32. Qc6 Ra6 33. Qc8+ Qg8 34. Qxg8+ Kxg8 35. Nd4 Kf7 36.
e6+ Ke8 37. Kf3 Nd6 38. Bxd6 $2 (38. e7 Nf7 39. Nf5 Ne6 40. Rxe6 Rxe6 41. Nxg7+
Kxe7 42. Nxe6 Kxe6 $18) (38. Re3 $18) 38... Rxd6 39. Nf5 Rd3+ 40. Kf4 g6 41.
Nxh6 Rxb3 42. Kg5 Rb6 43. Re5 Nxe6+ 44. Kxg6 a4 45. Ra5 1/2-1/2

[Event "Bayamo"]
[Site "Bayamo"]
[Date "1990.??.??"]
[Round "8"]
[White "Antunes, Antonio"]
[Black "Paneque, Pedro"]
[Result "0-1"]
[WhiteElo "2445"]
[BlackElo "2380"]
[Annotator "Knaak,R"]
[PlyCount "96"]
[EventDate "1990.04.??"]
[EventType "tourn"]
[EventRounds "13"]
[EventCountry "CUB"]
[EventCategory "8"]
[SourceTitle "CBM 018"]
[Source "ChessBase"]
[SourceDate "1990.10.01"]
[SourceVersion "1"]
[SourceVersionDate "1990.10.01"]
[SourceQuality "1"]

1. e4 e6 2. d3 d5 3. Nd2 f5 $5 {Der Zug ist sicher nicht so schlecht wie er
aussieht und wieder ein Beweis, daß man schon sehr zeitig neue Wege gehen kann.
} 4. Qh5+ $146 ({RR} 4. Qe2 Be7 5. g3 Nf6 6. Bg2 Nc6 7. c3 O-O 8. Ngf3 e5 9.
O-O fxe4 10. dxe4 Bg4 11. exd5 Nxd5 12. h3 Bh5 13. Qc4 Bf7 14. Qb5 a6 15. Qe2
Bh5 16. Qc4 Bf7 17. Qe2 Bd6 18. Ne4 Nb6 19. b3 Bh5 20. Qd3 Qe7 21. Nh4 Be8 22.
Nf5 Rxf5 23. Nxd6 Rf6 24. Nxe8 Qxe8 25. Bg5 Rd6 26. Qc2 Qh5 27. Be3 Rad8 {
1/2-1/2 Alvarez,J-Paneque,P/Holguin 1992/EXT 97 (27)}) ({RR} 4. exf5 exf5 5.
Qh5+ g6 6. Qe2+ Kf7 7. Ndf3 Nf6 8. Bf4 Bb4+ 9. c3 Bd6 10. Bxd6 cxd6 11. Qd2 Nc6
12. Ne2 Kg7 13. g3 Re8 14. O-O-O a5 15. Ned4 Bd7 16. Re1 Ne5 17. Bg2 b5 18. Nc2
Qb6 19. a3 Qxf2 20. Re2 Nxd3+ {0-1 Gavrikov,V-Muratov,V/Tallinn 1988/EXT 88 
(20)}) ({RR} 4. Ne2 Nc6 5. exf5 exf5 6. Nf3 Bd6 7. g3 Nge7 8. Nf4 O-O 9. Bg2
Ng6 10. Nxg6 Qe8+ 11. Nge5 Nxe5 12. Nxe5 Qxe5+ 13. Qe2 Qxe2+ 14. Kxe2 Be6 15.
f4 Bf7 16. Be3 Rfe8 {1/2-1/2 Dely,P-Yoffie,M/Belgrade 1968/MCD-r6 (16)}) 4...
g6 5. Qe2 Ne7 $1 6. exf5 Nxf5 7. Ngf3 Bg7 $10 8. h4 Nc6 9. Nb3 a5 10. a4 O-O
$15 11. h5 e5 12. hxg6 hxg6 13. Bg5 Qe8 14. c3 Rb8 15. Qc2 e4 16. dxe4 dxe4 17.
Bc4+ Be6 18. Nfd2 Bxc4 19. Nxc4 b5 20. axb5 Rxb5 21. Bc1 Qe6 22. Ra4 Nd6 23.
Nbxa5 Nxa5 24. Nxa5 Qg4 25. Nc4 Qxg2 26. Rf1 Nxc4 27. Rxc4 Re5 28. Be3 Ra5 29.
Ra4 Rfa8 30. Rxa5 Rxa5 31. Qd1 Kh7 32. Ke2 Qf3+ 33. Ke1 Qg2 34. Ke2 Qg4+ 35.
Ke1 Qg2 36. Ke2 g5 37. Rh1+ Kg6 38. Qf1 Qf3+ 39. Kd2 Qf5 40. Qh3 Qd5+ 41. Kc2
Qd3+ 42. Kb3 Qb5+ 43. Kc2 Qd3+ 44. Kb3 Rb5+ 45. Ka2 Rxb2+ 46. Ka1 Ra2+ 47. Kxa2
Qc2+ 48. Ka3 Bf8+ 0-1

[Event "GER-ch"]
[Site "Bad Neuenahr"]
[Date "1991.??.??"]
[Round "11"]
[White "Buecker, Stefan"]
[Black "Uhlmann, Wolfgang"]
[Result "1-0"]
[WhiteElo "2345"]
[BlackElo "2510"]
[Annotator "Knaak,R"]
[PlyCount "63"]
[EventDate "1991.06.??"]
[EventType "tourn"]
[EventRounds "15"]
[EventCountry "GER"]
[EventCategory "7"]
[SourceTitle "CBM 024"]
[Source "ChessBase"]
[SourceDate "1991.10.01"]
[SourceVersion "1"]
[SourceVersionDate "1991.10.01"]
[SourceQuality "1"]

1. e4 e6 2. Nf3 d5 3. e5 c5 4. b4 cxb4 5. a3 d4 {Eine neue beachtliche Idee.
d2-d4 wird verhindert.} 6. Bb2 (6. axb4 Bxb4 7. Ba3 Bxa3 8. Nxa3 Ne7 9. Bd3 Ng6
10. O-O Nc6 11. Re1 O-O $15 {Martens-Djurhuus/Santiago WchJ/1990/i51/(257)})
6... Nc6 7. Bb5 Bd7 8. O-O $5 (8. Qe2 a6 9. Bxc6 $1 Bxc6 10. Nxd4 Bxg2 11. Rg1
bxa3 12. Nxa3 Bd5 13. Nab5 $1 axb5 14. Qxb5+ Bc6 15. Nxc6 Rxa1+ 16. Bxa1 bxc6
17. Qxc6+ $10 {Djurhuus}) 8... Nxe5 $2 {Tapst in die Falle. Viele Züge ergäben
angenehmes Spiel: 8...Qb6!? 8...Nh6} 9. Nxe5 Bxb5 10. Nxf7 $1 Kxf7 11. Qh5+ g6
12. Qxb5 $14 Qb6 13. Qc4 (13. Qxb6 axb6 14. axb4 Rxa1 15. Bxa1 Bg7 (15... e5 $2
16. f4 $16) 16. Na3 Ne7 17. Nc4 $14) 13... Bg7 14. axb4 Ne7 15. Na3 Rhc8 16.
Qb3 Nd5 17. b5 a6 18. Rfe1 axb5 19. Nxb5 Rxa1 20. Bxa1 (20. Rxa1 $5 $14) 20...
Rc6 21. Bb2 Bf6 $2 (21... Nc7 $1 22. Nxc7 (22. Qf3+ Kg8 23. Nxc7 Rxc7 24. Ra1
h5) 22... Qxb3 23. cxb3 Rxc7 24. Rc1 Rxc1+ 25. Bxc1 d3 $10 {Bücker}) 22. Ba3
$16 Nc7 $2 {Nun zu spät.} 23. Qb4 $1 e5 24. Qf8+ Ke6 25. Qc8+ Kd5 (25... Kf7
26. Qd7+ Kg8 27. Nxc7 {/\ Qe8 Qf8#}) 26. Qd7+ Kc4 27. Nc3 $1 Qa5 (27... dxc3
28. Qd3#) 28. Bf8 Qa8 29. Ne4 {/\ Rb1 d3#} Qe8 30. Nd6+ Rxd6 31. Qxd6 Qc6 32.
d3+ 1-0

[Event "Hoogovens-B"]
[Site "Wijk aan Zee"]
[Date "1991.01.??"]
[Round "3"]
[White "Martens, Martin"]
[Black "Romero Holmes, Alfonso"]
[Result "1/2-1/2"]
[WhiteElo "2315"]
[BlackElo "2460"]
[Annotator "Knaak,R"]
[PlyCount "51"]
[EventDate "1991.01.??"]
[EventType "tourn"]
[EventRounds "11"]
[EventCountry "NED"]
[EventCategory "9"]
[SourceTitle "CBM 022"]
[Source "ChessBase"]
[SourceDate "1991.06.01"]
[SourceVersion "1"]
[SourceVersionDate "1991.06.01"]
[SourceQuality "1"]

1. e4 e6 2. Nf3 d5 3. e5 c5 4. b4 c4 $6 (4... cxb4) 5. c3 a5 6. b5 Nd7 7. d3
cxd3 8. Bxd3 $14 Ne7 9. O-O Ng6 10. Qe2 Bc5 11. Re1 O-O 12. a4 (12. h4 $1 Nxh4
$2 13. Bxh7+ Kxh7 14. Ng5+ Kg6 15. Qg4 $18 {/\ Ne6, Qh4}) 12... Ba7 13. Na3 Bb8
14. Bxg6 fxg6 15. c4 Nc5 16. Bg5 Qe8 17. Nc2 b6 18. cxd5 exd5 19. Ncd4 h6 20.
Bc1 g5 21. Qa2 Bb7 22. h3 Bc7 23. Re3 Rc8 24. Ba3 Bb8 25. Rae1 Rf4 26. g3 $14 {
(1.29/1.45)} 1/2-1/2

[Event "UKR-ch"]
[Site "Simferopol"]
[Date "1990.??.??"]
[Round "?"]
[White "Stripunsky, Alexander"]
[Black "Moskalenko, Viktor"]
[Result "0-1"]
[WhiteElo "2310"]
[BlackElo "2515"]
[Annotator "Knaak,R"]
[PlyCount "108"]
[EventDate "1990.??.??"]
[EventType "tourn"]
[EventRounds "11"]
[EventCountry "URS"]
[EventCategory "6"]
[SourceTitle "CBM 021"]
[Source "ChessBase"]
[SourceDate "1991.04.01"]
[SourceVersion "1"]
[SourceVersionDate "1991.04.01"]
[SourceQuality "1"]

1. e4 e6 2. Nf3 d5 3. e5 c5 4. b4 $6 c4 $6 {Wenn man schon die Kontrolle über
d4 aufgibt, sollte man einen P verspeisen.} 5. a3 $6 (5. c3 $1 a5 6. b5 Nd7 7.
d4 cxd3 8. Bxd3 Qc7 9. Qe2 Ne7 10. O-O Ng6 11. Re1 $16 {Mortensen,E-Hansen,J/
Gausdal zt/1987/CBM4}) 5... b5 6. a4 Bxb4 (6... bxa4 $5) 7. axb5 Qb6 $2 8. Ba3
$1 $16 Bxa3 (8... Qxb5 9. Nd4 Qc5 10. Bxb4 Qxb4 11. c3 {/\ Qg4, Nb5}) 9. Nxa3
$1 Nh6 10. Bxc4 $1 dxc4 11. Nxc4 Qc7 12. Nd6+ Ke7 13. O-O (13. Qb1 $1 {/\ b6,
Qb4-h4}) 13... Bb7 14. c4 (14. d4 $5) 14... Nd7 15. d4 f6 16. Nxb7 Qxb7 17.
exf6+ Nxf6 18. Re1 Rhe8 19. Ng5 Kf8 20. Nxe6+ Kg8 21. d5 $6 (21. Ra6 $5) 21...
Rac8 22. Qd3 Nf7 23. Qd4 $2 Qb6 $1 24. c5 Qxb5 25. h3 Nd8 $1 26. Rxa7 Nxe6 27.
dxe6 Qxc5 $19 28. Qa4 Qc4 29. Qa3 Rxe6 30. Rxe6 Qxe6 31. Re7 Qf5 32. Qg3 Qg6
33. Qb3+ Kh8 34. Qb7 Rg8 35. Kh2 h6 36. Qb5 Rd8 37. Re3 Qc2 38. Qb6 Rg8 39. Rf3
Qg6 40. Rg3 Qf7 41. Qd4 Rc8 42. Qf4 Qd7 43. Re3 Ra8 44. Qe5 Re8 45. Qf4 Rxe3
46. Qxe3 Qe8 47. Qd2 Qe4 48. Qa2 Kh7 49. Qb2 Nh5 50. Qa1 Nf4 51. Qf1 Nd3 52. f3
Qf4+ 53. g3 Qd2+ 54. Kh1 Kg6 0-1